Eléments géographiques - Mort subite - Statistiques

Statistiques générales
  • Ce quiz a été pris 743 fois
  • Le résultat moyen est 12 sur 27
Answers on the Grid
Answers color-coded by a green-red scale on the quiz's grid according to % correct below.
Affluent
Apex
Atoll
Aval
Baie
Bannette
Biome
Cardages
Courant scalaire
Delta
Détroit
Estuaire
Garrigue
Gentrification
Gorge
Grand hervier
Grande couronne
Guilloche
Gulf stream
Haguette
Hâle-bas
Hampe
Harpon
Hémisphère
Karst
Ketch
Lisière
Lium
Longitude
Macrocéphalie
Mangrove
Méandre
Mégalopole
Pavois
Permafrost
Perron
Petit Tacle
Pique de Minuit
Plaines aqueuses
Punaise verte
Ruche
Sahel
Spirale
Tintamarre
Toundra
Trame verte
Ubac
Vertant
 
Statistiques - réponses
Réponse % Correct
Détroit
73%
Hémisphère
68%
Longitude
68%
Mégalopole
66%
Baie
65%
Delta
64%
Affluent
62%
Estuaire
61%
Toundra
58%
Aval
55%
Mangrove
52%
Gorge
51%
Gulf stream
48%
Atoll
47%
Lisière
44%
Sahel
44%
Grande couronne
43%
Permafrost
42%
Gentrification
36%
Biome
34%
Garrigue
31%
Méandre
27%
Ubac
22%
Apex
10%
Karst
9%
Trame verte
7%
Macrocéphalie
4%
Aucun quiz correspondant
Distribution des résultats
% des personnes avec chaque résultat
Percentile par nombre de réponses
Votre historique - résultats
Vous n’avez pas pris ce quiz